000 00576nam a22002057a 4500
003 OSt
008 240521b2023 |||||||| |||| 00| 0 eng d
020 _a9789355323491
082 _a658.4032
_bJAG-B
100 _aJaggia, Sanjiv
245 _aBusiness analytics :
_bcommunicating with numbers /
_cSanjiv Jaggia...[et al.]
250 _a2nd
260 _aChennai :
_bMcGraw Hill Education,
_c2023.
300 _axxii, 766 p. ;
650 _aBusiness intelligence
700 _aLertwachara, Kevin
700 _aKelly, Alison
700 _aChen, Leida
942 _cBK
_2ddc
_03
999 _c20545
_d20545